000 00298nam a2200133Ia 4500
100 _aDekker /A.J
942 _cBK
654 _asolid state physics
245 _aSolid State Physics
260 _bMacmillan India Ltd.
_aMadras
_c1981
082 _a530.41
_bDEK
300 _a540
546 _aENGLISH
999 _c33214
_d33214